00423nam a2200157Ia 4500008004100000020001500041082001400056100001800070245004600088250000700134260004300141300002800184500000700212600003300219650001300252240925s9999 xx 000 0 und d a9690012029 a297.5 AFZ aAfzal, rehman 0aDoray Jadid Mai Muslman Auraton Ka Kirdar aNA aKarachi:bFerozesons (Pvt) Ltdc,1994. axiv,242p.bNAfOriginal aNA aHumanities & Natural Science aReligion